| 000 | 02273nam a22004095i 4500 | ||
|---|---|---|---|
| 999 |
_c28201 _d28172 |
||
| 003 | EG-ScBUE | ||
| 005 | 20200303115416.0 | ||
| 008 | 200219s2012 ua f b 000 0 ara d | ||
| 017 | _a2011 / 20915 | ||
| 020 | _a9789776223110 | ||
| 020 | _a9789776264434 | ||
| 040 |
_aEG-ScBUE _bara _erda _cEG-ScBUE _dEG-ScBUE |
||
| 043 |
_af-ua--- _ama----- _an-us--- _ae------ |
||
| 082 | 0 | 4 |
_a345.0268 _bد ي ر _222 |
| 100 | 1 |
_aديربي، عبد العال، _eمؤلف. |
|
| 245 | 1 | 2 |
_aالجرائم الإلكترونية : _bدراسة قانونية قضائية مقارنة : مع أحدث التشريعات العربية في مجال مكافحة جرائم المعلوماتية والإنترنت / _cالدكتور عبد العال الديربي، الدكتور محمد صادق إسماعيل. |
| 250 | _aالطبعة الأولى. | ||
| 264 | 1 |
_aالقاهرة : _bالمركز القومي للإصدارات القانونية، _c2012. |
|
| 300 |
_a421 صفحة ؛ _c24 سم |
||
| 336 |
_aنص _btxt _2rdacontent |
||
| 337 |
_aبدون وسيط _bn _2rdamedia |
||
| 338 |
_aمجلد _bnc _2rdacarrier |
||
| 504 | _aيشتمل على إرجاعات ببليوجرافية. | ||
| 541 | _aBook Fair, 2020 | ||
| 650 | 7 |
_aجرائم الحاسبات الإلكترونية _xقوانين وتشريعات _zمصر. _2BUEsh |
|
| 650 | 7 |
_aجرائم الحاسبات الإلكترونية _xقوانين وتشريعات _zالبلاد العربية. _2BUEsh |
|
| 650 | 7 |
_aجرائم الحاسبات الإلكترونية _xقوانين وتشريعات _zالولايات المتحدة الأمريكية. _2BUEsh |
|
| 650 | 7 |
_aجرائم الحاسبات الإلكترونية _xقوانين وتشريعات _zأوروبا. _2BUEsh |
|
| 650 | 7 |
_aالإنترنت _xقوانين وتشريعات _zمصر. _2BUEsh |
|
| 650 | 7 |
_aالإنترنت _xقوانين وتشريعات _zالبلاد العربية. _2BUEsh |
|
| 650 | 7 |
_aالإنترنت _xقوانين وتشريعات _zالولايات المتحدة الأمريكية. _2BUEsh |
|
| 650 | 7 |
_aالإنترنت _xقوانين وتشريعات _zأوروبا. _2BUEsh |
|
| 651 | _2BUEsh | ||
| 653 |
_bLLAAWW _cMarch2020 |
||
| 700 | 1 |
_aإسماعيل، محمد صادق، _eمؤلف. |
|
| 942 | _2ddc | ||